Brilliant answers to tough interview questions : (Record no. 35146)

MARC details
000 -LEADER
fixed length control field 01389nam a22003137a 4500
005 - DATE AND TIME OF LATEST TRANSACTION
control field 20100407161239.0
008 - FIXED-LENGTH DATA ELEMENTS--GENERAL INFORMATION
fixed length control field 100407t xxu||||| |||| 00| 0 eng d
010 ## - LCCN (DPL NO)
LC control number ENG-95998
020 ## - INTERNATIONAL STANDARD BOOK NUMBER
International Standard Book Number 9788131727935
Terms of availability 299.00
035 ## - SYSTEM CONTROL NUMBER
System control number EN-79531
037 ## - SOURCE OF ACQUISITION
Source of stock number/acquisition DBAD/VEN
040 ## - CATALOGING SOURCE
Original cataloging agency dpl
082 ## - DEWEY DECIMAL CLASSIFICATION NUMBER
Classification number 650.144
Edition number 22
100 ## - MAIN ENTRY--PERSONAL NAME
Personal name Hodgson, Susan.
245 ## - TITLE STATEMENT
Title Brilliant answers to tough interview questions :
Remainder of title smart answers to whatever they can throw at you /
Statement of responsibility, etc by Susan Hodgson.
246 ## - VARYING FORM OF TITLE
Title proper/short title Answers to tough interview questions.
250 ## - EDITION STATEMENT
Edition statement 3rd ed.
260 ## - PUBLICATION, DISTRIBUTION, ETC. (IMPRINT)
Place of publication, distribution, etc New Delhi
Name of publisher, distributor, etc Dorling KIndersley (India) Pvt. Ltd. licensees of Pearson Education
Date of publication, distribution, etc 2009.
270 ## - ADDRESS
Address 14, Local Shopping Centre, Panchsheel Park,
City New Delhi
Postal code 110017
300 ## - PHYSICAL DESCRIPTION
Extent xiv, 273 p. ;
Dimensions 22 cm.
650 ## - SUBJECT ADDED ENTRY--TOPICAL TERM
Topical term or geographic name as entry element Employment interviewing
Form subdivision Handbooks, manuals, etc.
650 ## - SUBJECT ADDED ENTRY--TOPICAL TERM
Topical term or geographic name as entry element Applications for positions
Form subdivision Examinations, questions, etc.
650 ## - SUBJECT ADDED ENTRY--TOPICAL TERM
Topical term or geographic name as entry element Self-presentation.
650 ## - SUBJECT ADDED ENTRY--TOPICAL TERM
Topical term or geographic name as entry element Interpersonal communication.
942 ## - ADDED ENTRY ELEMENTS (KOHA)
Source of classification or shelving scheme Dewey Decimal Classification
Item type English Books
Call number suffix HOD
Classification part 650.144
Holdings
Withdrawn status Lost status Source of classification or shelving scheme Materials specified (bound volume or other part) Damaged status Not for loan Collection code Home library Current library Date acquired Source of acquisition Cost, normal purchase price Total Checkouts Full call number Barcode Date last seen Copy number Cost, replacement price Koha item type
    Dewey Decimal Classification Pbk   Not For Loan Non-fiction D.B.Act.Division D.B.Act.Division 02/03/2010 DBAD/VEN 299.00   650.144 HOD EN-79531 07/04/2010 1 299.00 English Books

© Delhi Public Library
Hit Counter
free hit counter